Les Ecueils de la Bourse / (Record no. 98805)

MARC details
000 -LEADER
campo de control de longitud fija 00404nam a2200133 i 4500
001 - NÚMERO DE CONTROL
campo de control 98805
003 - IDENTIFICADOR DE NÚMERO DE CONTROL
campo de control ES-MaACL
007 - CAMPO FIJO DE DESCRIPCIÓN FÍSICA--INFORMACIÓN GENERAL
campo de control de longitud fija t|
008 - DATOS DE LONGITUD FIJA--INFORMACIÓN GENERAL
campo de control de longitud fija 051026q18501899fr ||||1| fre d
245 04 - MENCIÓN DEL TÍTULO
Título Les Ecueils de la Bourse /
Mención de responsabilidad, etc. par un ancien agent de change.
260 ## - PUBLICACIÓN, DISTRIBUCIÓN, ETC.
Lugar de publicación, distribución, etc. Paris :
Nombre del editor, distribuidor, etc. Librairie du Petit Journal,
Fecha de publicación, distribución, etc. 18--?] (
Lugar de fabricación/manufactura Couloumiers :
Fabricante Typ. A. Moussin)
300 ## - DESCRIPCIÓN FÍSICA
Extensión 287 p. ;
Dimensiones 18 cm.
852 ## - LOCALIZACIÓN
Ubicación ES-MaACL
Número de control de estantería G-10754
Holdings
Estatus retirado Estado de pérdida Estado de daño No para préstamo Biblioteca de origen Biblioteca actual Ubicación en estantería Fecha de adquisición Fuente de adquisición Total de préstamos Signatura topográfica completa Código de barras Visto por última vez Precio de reemplazo Tipo de ítem Koha
        Biblioteca del Ateneo de Madrid Biblioteca del Ateneo de Madrid Sala Pecera Planta 3 17/01/2008     G-10754 1103162 23/02/2023 23/02/2023 Libro impreso antiguo